Teaching principles of microeconomics (Record no. 1233624)

MARC details
000 -LEADER
fixed length control field 00649nam a2200229Ia 4500
005 - DATE AND TIME OF LATEST TRANSACTION
control field 20241129120150.0
008 - FIXED-LENGTH DATA ELEMENTS--GENERAL INFORMATION
fixed length control field 241129s9999||||xx |||||||||||||| ||und||
020 ## - INTERNATIONAL STANDARD BOOK NUMBER
International Standard Book Number 9781035323708
037 ## - SOURCE OF ACQUISITION
Stock number TB
040 ## - CATALOGING SOURCE
Original cataloging agency SDCL
Language of cataloging eng
Transcribing agency SDCL
041 ## - LANGUAGE CODE
Language code of text/sound track or separate title eng
Source of code eng
084 ## - COLON CLASSIFICATION NUMBER
Classification number X:71, R3
Assigning agency SDCL
100 ## - MAIN ENTRY--PERSONAL NAME
Personal name Maier Mark Ed.; Ruder Phil Ed.
9 (RLIN) 729313
245 #0 - TITLE STATEMENT
Title Teaching principles of microeconomics
260 ## - PUBLICATION, DISTRIBUTION, ETC.
Place of publication, distribution, etc. Cheltenham
Name of publisher, distributor, etc. Edward Elgar
Date of publication, distribution, etc. 2023
300 ## - PHYSICAL DESCRIPTION
Extent xiii,278p.
365 ## - TRADE PRICE
Price type code GBP
Price amount 31.95
490 ## - SERIES STATEMENT
Series statement Elgar guides to teaching
650 ## - SUBJECT ADDED ENTRY--TOPICAL TERM
Topical term or geographic name entry element Business Economics and Finance
942 ## - ADDED ENTRY ELEMENTS (KOHA)
Koha item type Textbook
Classification part X:71, R3
Holdings
Withdrawn status Lost status Source of classification or shelving scheme Damaged status Not for loan Home library Current library Date acquired Source of acquisition Cost, normal purchase price Total Checkouts Full call number Barcode Date last seen Price effective from Koha item type
    Colon Classification (CC)     South Campus Library South Campus Library 2024-11-29 Pioneer Book Distributors 31.95   X:71, R3 SC1690063 2024-11-29 2024-11-29 Textbook
Copyright @ Delhi University Library System